Megacities - Statistics

General Stats
  • This quiz has been taken 14 times
    7 since last reset
  • The average score is 25 of 30
Answer Stats
Hint Answer % Correct
Thailand Bangkok
100%
China Beijing
100%
Colombia Bogota
100%
India Delhi
100%
Indonesia Jakarta
100%
Peru Lima
100%
United Kingdom London
100%
Mexico Mexico City
100%
Russia Moscow
100%
India Mumbai
100%
USA New York City
100%
Brazil Rio de Janeiro
100%
Iran Tehran
100%
Argentina Buenos Aires
86%
Egypt Cairo
86%
Bangladesh Dhaka
86%
China Guangzhou
86%
Turkey Istanbul
86%
Pakistan Karachi
86%
Nigeria Lagos
86%
Pakistan Lahore
86%
Chile Santiago
86%
Brazil São Paulo
86%
South Korea Seoul
86%
China Shanghai
86%
Japan Tokyo
86%
China Hong Kong
43%
China Tianjin
43%
China Chongqing
29%
China Shenzhen
14%
No matching quizzes found
Score Distribution
Percent of People with Each Score
Percentile by Number Answered
Your Score History
You have not taken this quiz since the last reset